[Event "MCR mladeze, Kouty 2018 - H12"]
[Site "Kouty nad Desnou"]
[Date "2018.03.13"]
[Round "5"]
[White "Hlavina, Matous"]
[Black "Paseka, Matyas"]
[Result "1-0"]
[WhiteElo "1820"]
[BlackElo "1621"]
[EventDate "2018.03.10"]

1. e4  c5  2. Nf3  d6
3. d4  cxd4  4. Nxd4
Nf6  5. Nc3  a6
6. Be2  e5  7. Nb3  Be6
8. f4  exf4  9. Bxf4
Nc6  10. g4  h6
11. h3  Be7  12. Qd2  b5
13. Nd4  Nxd4  14. Qxd4
O-O  15. O-O-O  Re8
16. Kb1  Rb8  17. Rdg1
b4  18. Nd5  Bxd5
19. exd5  Bf8  20. Bf3
Qa5  21. Bxh6  b3
22. cxb3  Rb4  23. Qc3
gxh6  24. g5  Re5
25. gxf6+  Rg5  26. Rxg5+ hxg5
27. Rg1  Bh6  28. Qe1  Qb6
29. Qe8+  Kh7  30. Qxf7+
Kh8  31. Qe8+  Kh7
32. Be4+  Rxe4  33. Qxe4+
Kh8  34. Rc1  1-0

[Event "MCR mladeze, Kouty 2018 - H12"]
[Site "Kouty nad Desnou"]
[Date "2018.03.13"]
[Round "5"]
[White "Hrbek, Stepan"]
[Black "Prochazka, Vojtech"]
[Result "1-0"]
[WhiteElo "2018"]
[BlackElo "1475"]
[EventDate "2018.03.10"]

1. Nf3  Nf6  2. e3  d5
3. c4  e6  4. b3
Be7  5. Bb2  O-O
6. d4  c5  7. Bd3
Nc6  8. O-O  Bd7
9. Nc3  cxd4  10. exd4
Rc8  11. Re1  Qc7
12. Rc1  Rfe8  13. a3
Qb8  14. Ne5  dxc4
15. Bxc4  Bd6  16. Nb5
a6  17. Nxd7  Nxd7
18. Nxd6  Qxd6  19. d5
exd5  20. Rxe8+  Rxe8
21. Bxd5  Nde5  22. Rc2
Nd3  23. Re2  Rxe2
24. Qxe2  Nxb2  25. Qe8+
Qf8  26. Bxf7+  Kh8
27. Qxf8#  1-0

[Event "MCR mladeze, Kouty 2018 - H12"]
[Site "Kouty nad Desnou"]
[Date "2018.03.13"]
[Round "5"]
[White "Petricek, Lukas"]
[Black "Werner, Hong Quan Dan"]
[Result "0-1"]
[WhiteElo "1779"]
[BlackElo "1534"]
[EventDate "2018.03.10"]

1. e4  e5  2. Nf3  Nc6
3. d4  exd4  4. Nxd4
Bc5  5. Nb3  Bb6
6. Nc3  d6  7. Bd3
Nge7 8. Qe2  O-O  9. O-O Ne5
10. Kh1  Be6  11. f4
Nxd3  12. Qxd3  f5
13. Nd4  Bxd4  14. Qxd4
Nc6  15. Qf2  fxe4
16. Nxe4  Bf5  17. Ng3
Bg6  18. Be3  Qd7
19. c3  Rae8  20. Rfe1
Ne5  21. Qe2  Nd3
22. Rf1  Nxf4  23. Qc4+
Ne6  24. Rxf8+  Rxf8
25. Re1  Bf7  26. Qe4
Qb5  27. b3  Nc5
28. Qd4  Re8  29. Nf5
Ne6  30. Qg4  Bg6
31. Ng3  Nc5  32. Qg5
Qc6  33. Rf1  Ne6
34. Qg4  Qxc3  35. Nf5
Qd3  36. Qh3  Qxf1+
0-1

[Event "MCR mladeze, Kouty 2018 - H12"]
[Site "Kouty nad Desnou"]
[Date "2018.03.13"]
[Round "5"]
[White "Licka, Denis"]
[Black "Hak, David"]
[Result "0-1"]
[WhiteElo "1386"]
[BlackElo "1887"]
[EventDate "2018.03.10"]

1. e4  e6  2. d4  d5
3. exd5  exd5  4. Nc3
Nf6  5. Bg5  c6
6. g3  Bd6  7. Bg2  O-O
8. Nge2  Bf5  9. O-O
Nbd7  10. Qd2  Qc7
11. Rfe1  Rfe8  12. Nd1
Ne4  13. Bxe4  Bxe4
14. Ne3  Nf8  15. c4
Qd7  16. Bf4  Ne6
17. Bxd6  Qxd6  18. b3
Ng5  19. Qc3  Nf3+
20. Kf1  Nxh2+  21. Kg1
Qh6  22. Nf4  Nf3+
23. Kf1  Qh1+  24. Ke2
Nxe1  25. Rxe1  Qf3+
26. Kd2  Qxf2+  27. Re2
Qxg3  28. Nd3  Bxd3
29. Qxd3  Re6  30. Rg2
Qf4  31. cxd5  cxd5
32. Qc3  Rae8  33. Re2
Rxe3  34. Rxe3  Qxe3+
35. Qxe3  Rxe3  36. Kxe3
g5  37. Kf3  Kg7
0-1

[Event "MCR mladeze, Kouty 2018 - H12"]
[Site "Kouty nad Desnou"]
[Date "2018.03.13"]
[Round "5"]
[White "Simek, Viktor"]
[Black "Mohapl, Tomas"]
[Result "0-1"]
[WhiteElo "1568"]
[BlackElo "1372"]
[EventDate "2018.03.10"]

1. e4  c5  2. Nf3  d6
3. d4  cxd4  4. Nxd4
Nf6  5. Nc3  a6
6. Be3  e5  7. Nb3  Be6
8. Qd2  Be7  9. O-O-O
Ng4  10. Kb1  Nxe3
11. Qxe3  Nd7  12. f3
O-O  13. g3  Nb6
14. h4  Rc8  15. Qf2
Qc7  16. g4  Rfd8
17. Nd5  Nxd5  18. exd5
Bd7  19. Bd3  Rf8
20. g5  f5  21. gxf6
Rxf6  22. Rdg1  Bf5
23. Qe2  Bxd3  24. Qxd3
Rf4  25. h5  Qc4
26. h6  g5  27. Qd1
Rcf8  28. Rh3  R8f5
29. Rhg3  Kf7  30. Kc1
Kg6  31. Rh3  Bf8
32. Rgh1  b6  33. R3h2
Rxf3  34. Nd2  Qf4
35. Qxf3  Qxf3  36. Nxf3
Rxf3  37. Kd2  g4
38. Rh4  Rf4  39. Ke1
Be7  40. R4h2  Bg5
41. c3  g3  42. Rg2
Rf3  43. Rh3  Bf4
44. Ke2  e4  45. Ke1
Kg5  46. Ke2  Kg4
47. Rh1  a5  48. a4
Bg5  49. Ke1  e3
50. Ke2  Kf4  51. b4
Rf2+  52. Rxf2+  exf2
53. Rd1  Kg4  54. Rd4+
Kh3  55. Kf1  Be3
56. Re4  g2+  57. Ke2
f1=Q+  0-1

[Event "MCR mladeze, Kouty 2018 - H12"]
[Site "Kouty nad Desnou"]
[Date "2018.03.13"]
[Round "5"]
[White "Cerny, Michal"]
[Black "Janous, Marek"]
[Result "1/2-1/2"]
[WhiteElo "1549"]
[BlackElo "1328"]
[EventDate "2018.03.10"]

1. e4 c5 2. Nf3 e6 3. d4 cxd4 4. Nxd4 a6 5. Nc3 b5 6. f3 Bb7 7. Be3 Qc7 8. Nce2
Nf6 9. Qd2 Be7 10. Nc1 Nc6 11. Be2 Rc8 12. c3 O-O 13. Nd3 Na5 14. Nf2 Nc4 15.
Bxc4 Qxc4 16. Qd3 d5 17. e5 Nd7 18. Qxc4 Rxc4 19. f4 b4 20. Ne2 Rfc8 21. Bd4 bxc3
22. bxc3 Bc5 23. Rb1 Ba8 24. Nd3 Bxd4 25. cxd4 h6 26. O-O Rc2 27. Rfc1 Kh7 28.
Rxc2 Rxc2 29. Rb2 Rxb2 30. Nxb2 Bc6 31. a4 Kg6 32. Kf2 f6 33. Nc3 fxe5 34. fxe5
Kf5 35. Nd3 a5 36. Kf3 h5 37. g3 g5 38. h4 gxh4 39. gxh4 Nb6 40. Nc5 Nc4 41. Nb5
Bxb5 42. axb5 Nb6 43. Nd3 a4 44. Nb4 a3 45. Na2 Nc4 46. Nc3 1/2-1/2

[Event "MCR mladeze, Kouty 2018 - H12"]
[Site "Kouty nad Desnou"]
[Date "2018.03.13"]
[Round "5"]
[White "Vasinek, Martin"]
[Black "Babula, Vlastimil"]
[Result "1/2-1/2"]
[WhiteElo "1356"]
[BlackElo "1806"]
[EventDate "2018.03.10"]

1. d4  Nf6  2. c4  g6
3. Nc3  d5  4. Bg5 Ne4
5. Bh4  Bg7  6. Nxd5
c5  7. Bxe7  Qa5+
8. b4  Qa3  9. Bxc5
b6  10. Qc2  Bf5
11. g4  bxc5  12. gxf5
gxf5  13. Nf3  Nc6
14. e3 cxd4 15. Nxd4  Nxd4  16.
exd4  Bxd4 17. Rd1  Bxf2+  18.
Ke2 O-O-O  19. Qb3  Qa6 20. Bg2
Bb6  21. Bxe4  fxe4  22. Ne7+
Kb7  23. Nf5  Bc7
24. Qc2 Qe6  25. Ne3  Rhg8
26. Rxd8 Bxd8  27. c5  f5
28. Rf1  Bc7  29. Rxf5
Rg2+  30. Nxg2  Qxf5
31. Qb3 Bxh2  32. Qe3  h5
33. b5  Bb8  34. a4
h4  35. Qf2  Qxf2+
36. Kxf2  h3  37. Ne3
h2  38. Kg2  Bf4
39. Nd5  Bg3  40. c6+
Kc8  41. Ne3 Kc7  42. Nf1
Bf4  43. Nxh2  Kb6
44. Nf1  Ka5  45. Ne3
Kxa4  46. Nd5  Kxb5
47. Nxf4  Kxc6  48. Kf2
a5  49. Ke3  a4
50. Ne2  a3  51. Nc1  Kd5
52. Ke2  Kd4  53. Kd2
e3+  54. Kc2  Kc4
55. Ne2  a2  56. Kb2
Kd3  57. Nf4+  Kd2
1/2-1/2

[Event "MCR mladeze, Kouty 2018 - H12"]
[Site "Kouty nad Desnou"]
[Date "2018.03.13"]
[Round "5"]
[White "Smolik, Jachym"]
[Black "Lang, Simon"]
[Result "1-0"]
[WhiteElo "1532"]
[BlackElo "1308"]
[EventDate "2018.03.10"]

1. d4  Nf6  2. Nf3  e6
3. Bf4  b6  4. e3
Bb7  5. Nbd2  Be7
6. Bd3  O-O  7. c3
c5  8. Qc2  d5
9. b3  Nc6  10. Ne5  Rc8
11. Nxc6  Rxc6  12. dxc5
Bxc5  13. Qd1  a6
14. Be2  Re8  15. c4
e5  16. Bg5  Qd6
17. Bxf6  Qxf6  18. cxd5
Rd6  19. Ne4  Bb4+
20. Kf1  Qg6  21. Nxd6
Qxd6  22. e4  Bc5
23. Bd3  Qf6  24. Qf3
Qg6  25. a3  Rc8
26. Qd1  Qf6  27. f3
Qh4  28. Qe2  b5
29. Rc1  Bxa3  30. Rxc8+
Bxc8  31. Qc2  Bd7
32. Qc7  Qe7  33. Ke2
Bd6  34. Qb7  Qd8
35. Qxa6  Qb8  36. Ra1
g6  37. Qa8  Qxa8
38. Rxa8+  Kg7  39. Rd8
b4  40. Rxd7  Bc5
41. Rc7  Bd6  42. Rc6
Bf8  43. d6  Kf6
44. d7+  Ke7  45. Rc8 1-0

[Event "MCR mladeze, Kouty 2018 - H12"]
[Site "Kouty nad Desnou"]
[Date "2018.03.13"]
[Round "5"]
[White "Pecka, Jan"]
[Black "Ocenasek, Jan"]
[Result "1/2-1/2"]
[WhiteElo "1456"]
[BlackElo "1654"]
[EventDate "2018.03.10"]

1. c4  c5  2. Nf3  Nf6
3. g3  g6  4. Bg2
Bg7  5. O-O  O-O
6. Nc3  Nc6  7. d3
d6  8. Bd2  Bd7
9. a3  a6  10. Rb1  Rb8
11. b4  cxb4  12. axb4
b5  13. cxb5  axb5
14. Qc2  Qc7  15. Rfc1
Rfc8  16. e3  e6
17. Ne2  Rb7  18. Qb3
Nh5  19. Nfd4  Qb6
20. Nxc6  Bxc6  21. g4
Nf6  22. Nd4  d5
23. Nxc6  Rxc6  24. Rxc6
Qxc6  25. Rc1  Qd7
26. g5  Ne8  27. e4
dxe4  28. Bxe4  Rc7
29. Qb1  Rxc1+  30. Qxc1
Bd4  31. Qc6  Qxc6 1/2-1/2

[Event "MCR mladeze, Kouty 2018 - H12"]
[Site "Kouty nad Desnou"]
[Date "2018.03.13"]
[Round "5"]
[White "Vaclavik, Jan"]
[Black "Juchelka, Marek"]
[Result "0-1"]
[WhiteElo "1448"]
[BlackElo "1585"]
[EventDate "2018.03.10"]

1. e4  c5  2. Nf3  d6
3. d4  cxd4  4. Nxd4
g6  5. Nc3  Bg7
6. Be3  Nf6  7. f3  Nc6
8. Qd2  O-O  9. Bc4
Bd7  10. Bb3  a6
11. h4  h5  12. O-O-O
b5  13. g4  hxg4
14. Nxc6  Bxc6  15. Bg5
gxf3  16. Bxf6  Bxf6
17. h5  g5  18. Rdg1
e6  19. Qf4  f2
20. Qxf2  b4  21. Ne2  Bxe4
22. Rh4  Bh7  23. Rhg4
Kh8  24. Rf1  Be7
25. Qe3  Bf5  26. Rgg1
Rc8  27. Kb1  d5
28. Qd2  a5  29. Ng3
Bh7  30. Qd4+  f6
31. Ne2  Bc5  32. Qd2
Bxg1  33. Rxg1  Qd7
34. Re1  a4  35. Bxa4
Qxa4 0-1

[Event "MCR mladeze, Kouty 2018 - H12"]
[Site "Kouty nad Desnou"]
[Date "2018.03.13"]
[Round "5"]
[White "Kanak, Matyas"]
[Black "Czepiec, Richard"]
[Result "0-1"]
[WhiteElo "1379"]
[BlackElo "1213"]
[EventDate "2018.03.10"]

1. e4  c5  2. Nf3  d6
3. d4  cxd4  4. Nxd4
Nf6  5. Nc3  g6
6. Be3  Bg7  7. f3  O-O
8. Bc4  Nc6  9. Qd2
Bd7  10. Bb3  Rb8
11. O-O-O  Na5  12. g4
b5  13. h4  Nc4
14. Bxc4  bxc4  15. Rdg1  Qa5
16. h5  Rb7  17. hxg6
fxg6  18. a3  Rfb8
19. Nd1  Qxa3  20. Qc3
Qxc3  21. bxc3  a5
22. Kd2  a4  23. Nf2
a3  24. Ra1 Ra7  25. Nc6
Bxc6  26. Bxa7  Ra8
27. Bd4  a2  28. g5
Nh5  29. Bxg7  Kxg7
30. Ng4  Rf8  31. Rhf1
Ng3  32. Rf2  h5
33. Nh2  Nxe4+  34. Ke3
Nxf2  35. Kxf2  Rf5
36. Rxa2  Rxg5  37. Ra7
Kf7  38. f4  Rg2+
39. Kf1  Rxh2  40. Kg1
Rxc2  41. f5  gxf5
42. Ra5  Kg6  43. Kf1
h4  44. Ra7  Kf6
45. Rc7  h3  46. Rc8
h2  47. Rh8  h1=Q+
48. Rxh1  Bxh1 49. Kg1  Bc6
50. Kf1  f4  51. Kg1
f3  52. Kf1  e5
53. Ke1  f2+  54. Kf1  Bg2+
55. Kxg2 f1=Q+  56. Kxf1  Rxc3
57. Ke2  Ra3  58. Kd2
e4  59. Ke2  c3
60. Kd1  e3  61. Ke1  c2
0-1

[Event "MCR mladeze, Kouty 2018 - H12"]
[Site "Kouty nad Desnou"]
[Date "2018.03.14"]
[Round "6"]
[White "Stalmach, Richard"]
[Black "Werner, Hong Quan Dan"]
[Result "1-0"]
[WhiteElo "1946"]
[BlackElo "1534"]
[EventDate "2018.03.10"]

1. d4 d5 2. c4 e6 3. Nc3 c5 4. e3 Nf6 5. Nf3 Be7 6. b3 O-O 7. Bb2 Nbd7 8. Rc1 b6
9. cxd5 exd5 10. dxc5 Nxc5 11. Nd4 Bb7 12. Be2 Ne6 13. Ncb5 Ne4 14. O-O Qd7 15.
Nxe6 fxe6 16. Rc7 Qd8 17. Rxb7 a6 18. Nd4 Nc5 19. Nc6 Qd6 20. Rxe7 Rf7 21. Rxf7
Kxf7 22. Ne5+ Kg8 23. Qd4 Ra7 24. Ba3 Rc7 25. Nd3 Rc6 26. Rc1 a5 27. Nxc5 bxc5
28. Rxc5 Kf7 29. Qf4+ 1-0

[Event "MCR mladeze, Kouty 2018 - H12"]
[Site "Kouty nad Desnou"]
[Date "2018.03.14"]
[Round "6"]
[White "Hrbek, Stepan"]
[Black "Hlavina, Matous"]
[Result "1-0"]
[WhiteElo "2018"]
[BlackElo "1820"]
[EventDate "2018.03.10"]

1. d4  e6  2. c4  d5
3. Nf3  Nf6  4. g3
c5  5. Bg2  b6
6. Nc3  Bb7  7. O-O  Be7
8. Bf4  O-O  9. Ne5
Na6  10. Rc1  Rc8
11. Nb5  cxd4  12. Nxd4
Nc5  13. b4  Nce4
14. Qa4  g5  15. Be3
Qd6  16. Qxa7  Rb8
17. Ndc6  Bxc6  18. Nxc6
Qxc6  19. Qxe7  Rb7
20. b5  Qc8  21. Qb4
Qa8  22. cxd5  Nxd5
23. Qxe4  1-0

[Event "MCR mladeze, Kouty 2018 - H12"]
[Site "Kouty nad Desnou"]
[Date "2018.03.14"]
[Round "6"]
[White "Mohapl, Tomas"]
[Black "Kures, Michael"]
[Result "1-0"]
[WhiteElo "1372"]
[BlackElo "1931"]
[EventDate "2018.03.10"]

1. e4  c5  2. Nf3  Nc6
3. d4  cxd4  4. Nxd4
Nf6  5. Nc3  d6
6. f3  e6  7. Be3  Be7
8. Qd2  a6  9. O-O-O
Bd7  10. g4  O-O
11. g5  Ne8  12. h4
b5  13. Kb1  b4
14. Nce2  a5  15. Nc1  Nc7
16. Qg2  Rb8  17. h5
Nxd4  18. Rxd4  Nb5
19. Bxb5  Rxb5  20. Rdd1
Be8  21. Rdg1  d5
22. exd5  Rxd5  23. g6
fxg6  24. h6  Rff5
25. hxg7  Kxg7  26. Ne2
Bc5  27. Nf4  Rxf4
28. Bxf4  Bxg1 29. Qxg1  Rf5
30. Qe3  Qd5  31. Re1
Bc6  32. Be5+  Kf7
33. Qa7+  Bd7  34. f4
Kg8  35. Qc7  Rf8
36. Bd6  Qb5  37. Bxf8
Kxf8  38. Rd1  Ke8
39. Qd6  h5  40. Qd4
Bc6  41. Qf6  Bd5
42. Qxg6+  Ke7  43. Qg5+
Kf8  44. Qf6+  Ke8
45. Qh8+  Ke7  46. f5
Qe2  47. f6+  Kd6
48. Qd8+  Kc6  49. Rc1
Qd2  50. Qxa5  Qf4
51. Qa6+  Kc5  52. Qc8+
Kd4  53. Rd1+  Ke3
54. Qc5+  Ke2  55. Qd4
Be4  56. Rd2+  Ke1
57. Qf2+  Qxf2  58. Rxf2
Kxf2  59. f7  h4
60. f8=Q+  Kg3  61. Qg8+
Kh2  62. Qxe6  Bh7
63. Qc4  h3  64. Qc7+
Kh1  65. Qxh7  h2
66. a4  bxa3  67. bxa3
1-0

[Event "MCR mladeze, Kouty 2018 - H12"]
[Site "Kouty nad Desnou"]
[Date "2018.03.14"]
[Round "6"]
[White "Hak, David"]
[Black "Paseka, Matyas"]
[Result "1/2-1/2"]
[WhiteElo "1887"]
[BlackElo "1621"]
[EventDate "2018.03.10"]

1. d4  d5  2. c4  e6
3. Nc3  c5  4. e3
Nf6  5. Nf3  Nc6
6. Be2  Bd6  7. O-O
O-O  8. b3  a6
9. cxd5  exd5  10. Ba3  b6
11. dxc5  bxc5  12. Rc1
Nb4  13. Qd2  Bb7
14. Rfd1  Re8  15. Bb2
a5  16. Ba1  Bc6
17. Qb2  Bf8  18. Bb5
Bxb5  19. Nxb5  a4
20. a3  Nc6  21. b4
Rb8  22. Qe2  Ne4
23. Nc3  Nxc3  24. Rxc3
d4  25. Rcc1  Qb6
26. bxc5  Bxc5  27. Qc4
Bxa3  28. Qxc6  Bxc1
29. Qxb6  Rxb6  30. Rxc1
dxe3  31. fxe3  h6
32. Bd4  Ra6  33. Ra1
a3  34. Ra2  Rc8
35. Kf2  Rc1  36. Ke2
Rg6  37. g3  Ra6
38. Kd3  Kh7  39. Kd2
Rf1  40. Ke2  Rb1
41. Nd2  Rh1  42. Nf3
Ra4  43. Bc5  Rb1
44. Rxa3  Rb2+  45. Nd2
Rxa3  46. Bxa3  Ra2
47. Bb4  g6  48. Bc3
h5  49. Bf6  Kg8
50. Kd3  Kf8  51. h3
Ke8  52. g4  hxg4
53. hxg4  Kd7  54. e4
Ke6  55. e5  Ra4
56. Ne4  Ra3+  57. Ke2
Kd7  58. Kf2  Ke8
59. Kg2  Kf8  60. Ng3
Kg8  61. Kh3  Kh7
62. Kh4  Kh6  63. Ne4
Ra7  64. Nd6  Rd7
65. Nb5  Rb7  66. Nd6
Rd7  67. Ne8  Kh7
68. Kg5  Rd5  69. Nd6
Kg8  70. Kh6  Rd1
71. Ne4  Re1  72. Nd6
Rd1  73. Kg5  Rd5
74. Ne4  Rd4  75. Nd6
Rd5  76. Kf4  Rd4+
77. Kf3  Rb4  78. Ne4
Kf8  79. Nf2  Rc4
80. Kg3  Ra4  81. Kh4
Rf4  82. Nh3  Rf3
83. Ng5  Rf1  84. Ne4
Rf4  85. Nd6  Rd4
86. Kg5  Rd5  87. Ne4
Ra5  88. Nf2  Ra3
89. Kh4  Rf3  90. Nh3
Kg8  91. Bg5  Kg7
92. Nf4  Rf1  93. Nh3
Rf3  94. Bf6+  Kg8
95. Ng5  1/2-1/2

[Event "MCR mladeze, Kouty 2018 - H12"]
[Site "Kouty nad Desnou"]
[Date "2018.03.14"]
[Round "6"]
[White "Janous, Marek"]
[Black "Petricek, Lukas"]
[Result "0-1"]
[WhiteElo "1328"]
[BlackElo "1779"]
[EventDate "2018.03.10"]

1. d3  d5  2. Nf3  Nf6
3. c3  Nbd7  4. Bf4
e6  5. Nbd2  Be7
6. Qc2  c5  7. e4
dxe4  8. dxe4  a6
9. Be2  O-O  10. O-O
b5  11. Rfd1  Qb6
12. Rac1  Rd8  13. h3
Bb7  14. c4  bxc4
15. Bxc4  Bc6  16. b3
Qb7  17. Re1  Nb6
18. Bf1  h6  19. Ne5
Rac8  20. Nxc6  Rxc6
21. Nc4  Nxc4  22. Bxc4
Rcc8  23. Qe2  Ra8
24. Bh2  Rd4  25. e5
Nd5  26. Bg3  Bg5
27. Bxd5  Qxd5  28. Rcd1
Rd8  29. Rxd4  cxd4
30. Qxa6  d3  31. Qc4
d2  32. Rd1  Qxc4
33. bxc4  Rc8  34. f4
Rxc4  35. Rxd2  Bxf4
36. Bxf4  Rxf4  37. Re2
Kf8  38. Kh2  Ke7
39. Kg3  g5  40. Kh2
Kd7  41. g3  Rd4
42. Kg2  Kc6  43. Kf3
Kd5  44. a3  Rd3+
45. Re3  Rxe3+  46. Kxe3
Kxe5  47. g4  f5
48. gxf5  exf5  49. Kf3
f4  50. a4  Kd6
51. h4  Kc5  52. hxg5  hxg5
53. Kg4  Kb4  0-1

[Event "MCR mladeze, Kouty 2018 - H12"]
[Site "Kouty nad Desnou"]
[Date "2018.03.14"]
[Round "6"]
[White "Cerny, Michal"]
[Black "Smolik, Jachym"]
[Result "0-1"]
[WhiteElo "1549"]
[BlackElo "1532"]
[EventDate "2018.03.10"]

1. e4  c5  2. Nf3  Nc6
3. d4  cxd4  4. Nxd4
Nf6  5. Nc3  e6
6. Ndb5  a6  7. Nd6+  Bxd6
8. Qxd6  Qe7  9. Qxe7+
Nxe7  10. e5  Nfd5
11. Nxd5  Nxd5  12. c4
Nb4  13. Kd2  Nc6
14. f4  b6  15. Kc3
a5  16. b3  f6
17. exf6  gxf6  18. Ba3  Bb7
19. Rd1  Ne7  20. Rg1
Rg8  21. g3  Nf5
22. Bd3  Ne7  23. Rge1
Nc6  24. Rd2  Rg7
25. Bd6  Rc8  26. Be4
Nd8  27. Bc2  b5
28. c5  b4+  29. Kb2
Nf7  30. Bd3  Bc6
31. Rc2  Ra8  32. Be4
Bxe4  33. Rxe4  Nd8
34. Bc7  Nc6  35. Rd2
h5  36. Re3  Ra7
37. Bb6  Rb7  38. Rd6
Ke7  39. Rd2  f5
40. a3  Rg8  41. Rd1
Ra8  42. axb4  axb4
43. Ree1  Rbb8  44. Ra1
Rxa1  45. Rxa1  Rg8
46. Bc7  h4  47. Rg1
Nd4  48. Rg2  hxg3
49. hxg3  Rg6  50. Bd6+
Kf7  51. Be5  Nf3
52. Bc7  Ne1  53. Rg1
Nd3+  54. Kc2  Nxc5
55. Bd6  Ne4  56. Bxb4
Rxg3  57. Rxg3  Nxg3
58. Kd3  Ne4  59. Kd4
d6  60. Ba3  Ke7
61. b4  Kd7  62. Kc4
Kc6  63. Bb2  Ng3
64. b5+  Kb6  65. Bd4+
Kb7  66. Bc3  Ne2
67. Bd2  Ng3  68. Bb4
Ne4  69. Ba3  Kb6
70. Bb2  Ka5  71. Bc1
d5+  72. Kd4  Kxb5
73. Be3  Kc6  74. Bc1
Nd6  75. Be3  Nc4
76. Bc1  Kb5  77. Kd3
Kc5  78. Kc3  d4+
79. Kc2  Kd5  80. Kd3
e5  81. fxe5  Nxe5+
82. Ke2  Ke4  83. Bb2
f4  84. Bc1  f3+
85. Kf1  Ng4  86. Ke1
Kd3  87. Bf4  Kc2
88. Bg5  f2+  89. Kf1
d3  90. Bh4  d2
91. Bxf2  Nxf2  92. Kxf2  d1=Q
93. Ke3  Qd3+  94. Kf4
Qe2  95. Kf5  Kd3
96. Kf6  Kd4  97. Kf7
Qa6  98. Kg7  Qe6
99. Kf8  Qd7  100. Kg8
Ke5  101. Kh8  Kf6
102. Kg8  Qg7# 0-1

[Event "MCR mladeze, Kouty 2018 - H12"]
[Site "Kouty nad Desnou"]
[Date "2018.03.14"]
[Round "6"]
[White "Prochazka, Vojtech"]
[Black "Licka, Denis"]
[Result "1-0"]
[WhiteElo "1475"]
[BlackElo "1386"]
[EventDate "2018.03.10"]

1. e4 c5 2. Nf3 d6 3. c3 Nf6 4. h3 Nc6 5. Bd3 g6 6. Bc2 Bg7 7. d4 b6 8. O-O O-O
9. Re1 Qc7 10. d5 Nd8 11. Bg5 e6 12. Na3 Bb7 13. dxe6 fxe6 14. Nb5 Qc6 15. Nxd6
Nf7 16. Nxb7 Qxb7 17. Bxf6 Bxf6 18. e5 Rad8 19. Qe2 Bg7 20. Bb3 Qc6 21. Qa6 Qd7
22. Qc4 Rfe8 23. Ba4 Qe7 24. Bxe8 Qxe8 25. Qe2 Rd5 26. c4 Rd7 27. Rad1 Nh6 28.
Rxd7 Qxd7 29. Qd2 Qe7 30. Qd6 Qe8 31. Ng5 Nf5 32. Qxe6+ Qxe6 33. Nxe6 Kf7 34.
Nxg7 Kxg7 35. f4 Kf7 36. Kf2 Nd4 37. Rd1 Ke6 38. Ke3 Nc2+ 39. Ke4 Nd4 40. Rxd4
cxd4 41. Kxd4 h5 42. g4 h4 43. Ke4 1-0

[Event "MCR mladeze, Kouty 2018 - H12"]
[Site "Kouty nad Desnou"]
[Date "2018.03.14"]
[Round "6"]
[White "Babula, Vlastimil"]
[Black "Simek, Viktor"]
[Result "0-1"]
[WhiteElo "1806"]
[BlackElo "1568"]
[EventDate "2018.03.10"]

1. e4 e5 2. Nf3  Nc6  3. Bc4  Nf6
4. d3  Bc5  5. O-O
d6 6. a4  O-O  7. c3 a6
8. Bg5  Ba7 9. Nbd2  Be6
10. Re1 Ne7 11. Bxe6  fxe6  12.
Qb3  Qd7  13. Rad1  Ng6
14. Nf1 Kh8  15. d4  exd4 16.
cxd4  Nh5  17. Kh1  Nhf4
18. Bxf4 Nxf4  19. Nh4  Qe7
20. Nf3  Bb6  21. Ng3
Rf6  22. Rf1 Raf8 23. Qc2  Nxg2
24. Kxg2  Rxf3  25. Nf5
exf5  26. Kxf3 fxe4+  27. Kg2
d5  28. Qd2 c6  29. Rc1
Bc7  30. Rc3 Ba5 31. f3  Bxc3
32. Qxc3 Kg8  33. f4  Qh4
34. Qe3  Rf6  35. h3
g6  36. b3  Rf5
37. Kh2  g5  38. Rg1  Qxf4+
39. Qxf4  Rxf4  40. Rxg5+
Kf7  41. Rg3  Rf2+
42. Rg2  Rxg2+  43. Kxg2
Kf6  44. Kg3  Kg5
45. b4  b6  46. a5
b5  47. h4+  Kf5 0-1

[Event "MCR mladeze, Kouty 2018 - H12"]
[Site "Kouty nad Desnou"]
[Date "2018.03.14"]
[Round "6"]
[White "Juchelka, Marek"]
[Black "Vasinek, Martin"]
[Result "1/2-1/2"]
[WhiteElo "1585"]
[BlackElo "1356"]
[EventDate "2018.03.10"]

1. e4  c5  2. Nf3  Nc6
3. d4  cxd4  4. Nxd4
g6  5. Nc3  Bg7
6. Be3  Nf6  7. Be2  O-O
8. O-O  d5  9. exd5
Nxd5  10. Nxc6  bxc6
11. Bd4  e5  12. Bc5
Re8  13. Ne4  f5
14. Nd6  Re6  15. Nxc8
Qxc8  16. Bc4  Qd7
17. Qd2  Kh8  18. Rad1
Rd8  19. b4  Ree8
20. b5  Nb6  21. Qxd7
Rxd7  22. Rxd7  Nxd7
23. Bxa7  Ra8  24. bxc6
Rxa7  25. cxd7  Rxd7
26. a4  Rd2  27. Bb3
e4  28. g3  Bd4
29. a5  g5  30. a6  f4
31. gxf4  gxf4  32. Kg2
e3  33. Kf3  Rxf2+
34. Rxf2  exf2  35. Kg2
Kg7  36. Bc4  Kf6
37. Kf3  Ke5  38. h3
h5  1/2-1/2

[Event "MCR mladeze, Kouty 2018 - H12"]
[Site "Kouty nad Desnou"]
[Date "2018.03.14"]
[Round "6"]
[White "Lang, Simon"]
[Black "Pecka, Jan"]
[Result "1-0"]
[WhiteElo "1308"]
[BlackElo "1456"]
[EventDate "2018.03.10"]

1. e4  c5  2. Nf3  d6
3. d4  cxd4  4. Nxd4
Nf6  5. Nc3  g6
6. Be3  Bg7  7. f3  O-O
8. Qd2  Nc6  9. O-O-O
Nxd4  10. Bxd4  Be6
11. h4  Qa5  12. h5
Nxh5  13. Bxg7  Kxg7
14. g4  Nf6  15. Qh6+
Kg8  16. Bd3  Kh8
17. e5  Qxe5  18. g5
Nh5  19. Rxh5  1-0

[Event "MCR mladeze, Kouty 2018 - H12"]
[Site "Kouty nad Desnou"]
[Date "2018.03.14"]
[Round "6"]
[White "Ocenasek, Jan"]
[Black "Kanak, Matyas"]
[Result "1/2-1/2"]
[WhiteElo "1654"]
[BlackElo "1379"]
[EventDate "2018.03.10"]

1. e4  c5  2. Nf3  e6
3. d4  cxd4  4. Nxd4
Nc6  5. c4  Nf6
6. Nc3  Bb4  7. Nxc6  bxc6
8. Bd3  d5  9. O-O
O-O  10. e5  Nd7
11. Bf4  Nc5  12. Rc1
Nxd3  13. Qxd3  Qh4
14. Ne2  Ba6  15. b3
Rfd8  16. Rfd1  dxc4
17. Qc2  cxb3 18. Qxb3  Bxe2
19. Rxd8+  Rxd8  20. Qxb4
c5  21. Qe4  1/2-1/2

[Event "MCR mladeze, Kouty 2018 - H12"]
[Site "Kouty nad Desnou"]
[Date "2018.03.14"]
[Round "6"]
[White "Vaclavik, Jan"]
[Black "Czepiec, Richard"]
[Result "1-0"]
[WhiteElo "1448"]
[BlackElo "1213"]
[EventDate "2018.03.10"]

1. e4  c5  2. Nf3  Nc6
3. d4  cxd4  4. Nxd4
g6  5. Nc3  Bg7
6. Nxc6  bxc6  7. Bc4  Nf6
8. Be3  O-O  9. Qd2
d6  10. f3  Be6
11. Bxe6  fxe6  12. O-O  d5
13. exd5  exd5  14. Rfe1
e5  15. Bg5  Qb6+
16. Kh1  Qxb2  17. Rab1
Qa3  18. Rb7  Qd6
19. Ne4  Nxe4  20. fxe4
d4  21. Be7  Qe6
22. Bxf8  Bxf8  23. Qa5
Qc8  24. Reb1  Qd8
25. Qa4  c5  26. Qc4+
Kh8  27. Qf7  Be7
28. Rxe7  Qg8  29. Qf6+
Qg7  30. Qxg7# 1-0